000 01053nam a22003617a 4500
001 BR7904751
003 BR-BrBNA
005 20230928090045.0
007 ta
008 230509b bl.||||| |||| 00| 0 por d
040 _aBR-BrBNA
_bpor
_cBiblioteca Nacional de Agricultura
041 _a(Por)
072 _aL00; C00; N20
_b5300
090 _ 5300 BR7904751
110 1 _aFundacao Educacional Padre Landell de Moura, Porto Alegre, RS (Brasil)
_94881
245 1 _aManual de suinocultura [Curso; Equipamento rural; Sus domesticus]
_bTelepromocao rural. Capacitacao rural
250 1 _a2. ed.
260 3 _aPorto Alegre, RS (Brasil):
_c1979.
300 _a192 p.
500 _a35 illus.
650 _aProducao animal
650 _aExtensao rural
650 _aEquipamento rural
650 _aSuino
650 _aSuinocultura
650 _aCurso
650 _aMelhoramento genetico animal
650 _aNutricao animal
650 _aDoenca animal
650 _aVeterinaria
909 _a202309
_bLucia
_c55
_dLucia Elande
942 _cBK
999 _c27631
_d27631